000 00478nam a2200181Ia 4500
003 GCL
008 140319s9999 xx 000 0 eng d
040 _aGCL /
_cGCL
082 0 4 _a641.5
_bH F
100 1 _aHUTCHINGS,JOHN B
245 1 0 _aFOOD COLOUR AND APPEARANCE /
_cHUTCHINGS,JOHN B
260 _a[S.N] :
_bBLACKIE ACADEMIC & PROFESSIONAL ،
_c1994
300 _a513 P
650 0 4 _aFOOD
650 0 4 _aCOOKERY
650 0 4 _aCOLOURING MATTER IN FOOD
942 _2ddc
_cBK
999 _c16436
_d16436